000 00308nam a2200109Ia 4500
008 200302s9999 xx 000 0 und d
100 _aMeredith L.Clausen
245 _aPietro Belluschi : Modern American Architect
260 _bMassachusetts Institute of technology Press,UK
260 _c1994
300 _a468 P
999 _c4805
_d4805